Documentos de lineamientos para un programa mínimo de urgenica/
Збережено в:
| Співавтор: | |
|---|---|
| Формат: | Книга |
| Мова: | Spanish |
| Опубліковано: |
Panamá:
Universidad de Panamá. Instituto de Estudios Nacionales
|
| Предмети: | |
| Теги: |
Додати тег
Немає тегів, Будьте першим, хто поставить тег для цього запису!
|
MARC
| LEADER | 00000nam a22000007a 4500 | ||
|---|---|---|---|
| 003 | cru CIDCACS/IIS | ||
| 005 | 20230804062553.0 | ||
| 008 | 200730n pn |||p|r||||||0| ||spa|d | ||
| 999 | |c 43279 |d 43279 | ||
| 040 | |c cru CIDCACS/IIS | ||
| 090 | |a REV0388 | ||
| 110 | |9 9484 |a Universidad de Panamá. |b Instituto de Estudios Nacionales | ||
| 245 | 1 | |a Documentos de lineamientos para un programa mínimo de urgenica/ |c Universidad de Panamá. Instituto de Estudios Nacionales | |
| 260 | |a Panamá: |b Universidad de Panamá. Instituto de Estudios Nacionales | ||
| 500 | |a EXISTENCIAS : 1988 (0, 0.1, 1-3) | ||
| 650 | 4 | |a POLITICA FINANCIERA |9 2657 | |
| 650 | 0 | |9 2142 |a DESARROLLO ECONOMICO | |
| 650 | 0 | |9 2449 |a SALUD | |
| 650 | 4 | |9 1935 |a RECESION ECONOMICA | |
| 942 | |2 ddc |c PP | ||
